|
|
|
|
| LEADER |
02687nam a2200397 i 4500 |
| 001 |
34584 |
| 003 |
BD-DhAAL |
| 005 |
20190415160715.0 |
| 008 |
190415t2015 ncua b 001 0 eng c |
| 999 |
|
|
|c 40644
|d 40644
|
| 010 |
|
|
|a 2015021378
|
| 020 |
|
|
|a 9789385932212
|
| 020 |
|
|
|a 9780822359494 (hardcover : alk. paper)
|
| 020 |
|
|
|a 9780822359685 (pbk. : alk. paper)
|
| 020 |
|
|
|z 9780822375227 (e-book)
|
| 040 |
|
|
|a NcD/DLC
|b eng
|c NcD
|e rda
|d DLC
|d BD-DhAAL
|
| 042 |
|
|
|a pcc
|
| 043 |
|
|
|a a-bg---
|
| 050 |
0 |
0 |
|a DS395.5
|b .M65 2015
|
| 082 |
0 |
0 |
|a 954.92046
|2 23
|
| 100 |
1 |
|
|a Mookherjee, Nayanika,
|d 1972-
|e author.
|9 31215
|
| 245 |
1 |
4 |
|a The spectral wound :
|b sexual violence, public memories, and the Bangladesh War of 1971 /
|c Nayanika Mookherjee ; foreword by Veena Das.
|
| 260 |
|
|
|a Durham :
|b Duke University Press,
|c 2015
|
| 300 |
|
|
|a xxiv 325 pages :
|b illustrations ;
|c 22 cm.
|
| 504 |
|
|
|a Includes bibliographical references (pages [293]-308) and index.
|
| 505 |
0 |
|
|a "The month of mourning and the languid floodwaters" : the weave of national history -- "We would rather have shaak (greens) than murgi (chicken) polao" : the archiving of the Birangona -- "Bringing out the snake" : khota (scorn) and the public secrecy of sexual violence -- "A mine of thieves" : interrogating local politics -- "My own imagination in my own body" : embodied transgressions in the everyday -- "Mingling in society" : rehabilitation program and re-membering the raped woman -- The absent piece of skin : gendered, racialized, and territorial inscriptions of sexual violence during the Bangladesh War -- "Imaging the war heroine" : examination of state, press, literary, visual, and human rights accounts, 1971-2001 -- Subjectivities of war heroines : victim, agent, traitor? -- "The truth is tough" : human rights and the politics of transforming experiences of wartime rape "trauma" into public memories.
|
| 526 |
|
|
|a ENH
|
| 541 |
|
|
|a Hye Trade International
|e 34584
|
| 650 |
|
0 |
|a Rape as a weapon of war
|z Bangladesh.
|9 31216
|
| 650 |
|
0 |
|a Women
|x Crimes against
|z Bangladesh.
|9 31217
|
| 651 |
|
0 |
|a Bangladesh
|x History
|y Revolution, 1971.
|9 31218
|
| 700 |
|
|
|a Das, Veena
|9 31219
|
| 852 |
|
|
|a Ayesha Abed Library
|c General Stacks
|
| 942 |
|
|
|2 ddc
|c BK
|
| 952 |
|
|
|0 0
|1 0
|2 ddc
|4 0
|6 954_920460000000000_MOO
|7 0
|9 65329
|a BRACUL
|b BRACUL
|c GEN
|d 2019-03-25
|e Hye Trade International
|g 1088.00
|l 1
|m 5
|o 954.92046 MOO
|p 3010034583
|r 2024-01-29
|s 2023-10-25
|t 1
|v 1088.00
|w 2019-03-25
|y BK
|
| 952 |
|
|
|0 0
|1 0
|2 ddc
|4 0
|6 954_920460000000000_MOO
|7 0
|9 65330
|a BRACUL
|b BRACUL
|c GEN
|d 2019-03-25
|e Hye Trade International
|g 1088.00
|l 4
|m 28
|o 954.92046 MOO
|p 3010034584
|q 2026-06-02
|r 2026-04-27
|s 2026-04-27
|t 2
|v 1088.00
|w 2019-03-25
|y BK
|